[Event "Copenhagen Obro-B"]
[Site "Copenhagen"]
[Date "1990.??.??"]
[Round "2"]
[White "Tiberkov, Ivan"]
[Black "Jarzynski, Andrzej"]
[Result "0-1"]
[WhiteElo "2305"]
[BlackElo "2325"]
[PlyCount "104"]
[EventDate "1990.??.??"]
[EventType "tourn"]
[EventRounds "9"]
[EventCountry "DEN"]
[EventCategory "4"]
[SourceTitle "EXT 1997"]
[Source "ChessBase"]
[SourceDate "1996.11.15"]
[SourceVersion "1"]
[SourceVersionDate "1996.11.15"]
[SourceQuality "1"]

1. d4 Nf6 2. Nf3 g6 3. g3 Bg7 4. Bg2 c5 5. c4 0-0 6. 0-0 d6 7. d5 b5 8. cxb5 a6 9. bxa6 Bxa6 10. Nc3 Nbd7 11. Bh3 Qc7 12. Qc2 Rfb8 13. Rd1 Bc4 14. Bg5 Qb7 15. Nd2 Bxd5 16. Nxd5 Nxd5 17. Nc4 Nb4 18. Qd2 Rxa2 19. Rxa2 Nxa2 20. Bxe7 Nb6 21. Nxb6 Qxe7 22. Qxd6 Qxd6 23. Rxd6 Bf8 24. Rf6 Kg7 25. Nd7 Rxb2 26. Rc6 Nb4 27. Rc8 Be7 28. Nxc5 Rxe2 29. Kf1 Re5 30. Nd7 Ra5 31. Rc3 Ra1+ 32. Kg2 Ra2 33. Nb6 Bf6 34. Rb3 Nc6 35. Nd5 Bd4 36. Ne3 f5 37. Kf3 Kf6 38. Bf1 g5 39. Kg2 Ne5 40. Nd5+ Ke6 41. Ne3 f4 42. gxf4 gxf4 43. Nd1 Rd2 44. Rb1 Ng4 45. Be2 h5 46. Kf1 Nxh2+ 47. Ke1 Rc2 48. Bxh5 f3 49. Nc3 Bxc3+ 50. Kd1 Rd2+ 51. Kc1 Rxf2 52. Rb3 Bd4 0-1

[Event "Rostock-B 15th"]
[Site "Rostock"]
[Date "1989.??.??"]
[Round "?"]
[White "Jarzynski, Andrzej"]
[Black "Hiebel, Johannes"]
[Result "1-0"]
[WhiteElo "2275"]
[BlackElo "2150"]
[PlyCount "69"]
[EventDate "1989.08.??"]
[EventType "swiss"]
[EventRounds "7"]
[EventCountry "DDR"]
[SourceTitle "EXT 2002"]
[Source "ChessBase"]
[SourceDate "2001.11.25"]
[SourceVersion "1"]
[SourceVersionDate "2001.11.25"]
[SourceQuality "1"]

1. e4 e6 2. Qe2 Be7 3. g3 d5 4. d3 Nf6 5. Bg2 c5 6. Nf3 Nc6 7. Nbd2 0-0 8. 0-0 b5 9. c3 a5 10. Re1 Ba6 11. b3 a4 12. Bb2 Qb6 13. Rab1 axb3 14. axb3 c4 15. bxc4 bxc4 16. dxc4 dxe4 17. Nxe4 Qc7 18. Nfg5 Rac8 19. Ra1 Nb8 20. Qe3 Ng4 21. Qe2 Ne5 22. Qc2 g6 23. c5 h6 24. Nd6 Nd3 25. c4 Nxb2 26. Nxe6 Qd7 27. Nxf8 Bxf8 28. Nxc8 Qxc8 29. Qxb2 Bxc5 30. Qf6 Bxc4 31. Ra8 Be6 32. Rxe6 fxe6 33. Qxg6+ Kf8 34. Qf6+ Ke8 35. Rxb8 1-0

[Event "Rostock-B 15th"]
[Site "Rostock"]
[Date "1989.??.??"]
[Round "?"]
[White "Trescher, Manfred"]
[Black "Jarzynski, Andrzej"]
[Result "0-1"]
[WhiteElo "2175"]
[BlackElo "2275"]
[PlyCount "102"]
[EventDate "1989.08.??"]
[EventType "swiss"]
[EventRounds "7"]
[EventCountry "DDR"]
[SourceTitle "EXT 2002"]
[Source "ChessBase"]
[SourceDate "2001.11.25"]
[SourceVersion "1"]
[SourceVersionDate "2001.11.25"]
[SourceQuality "1"]

1. d4 Nf6 2. Nc3 d5 3. Bg5 Nbd7 4. Qd3 g6 5. h4 h6 6. Bf4 Bg7 7. Nb5 0-0 8. Bxc7 Qe8 9. Bg3 Nb6 10. Nc7 Qd8 11. Nxa8 Bf5 12. Qb3 Qxa8 13. e3 Nc4 14. Bd3 Ne4 15. Bxe4 Bxe4 16. Nf3 Qc8 17. 0-0-0 b5 18. Ne1 Qc6 19. Nd3 Bxg2 20. Rhg1 Bf3 21. Rde1 Rc8 22. Nc5 a5 23. Qd3 Nd6 24. Bxd6 exd6 25. Rg3 Bh5 26. Nb3 g5 27. Nxa5 Qa6 28. Qa3 Bg6 29. c3 b4 30. Qxb4 Ra8 31. hxg5 h5 32. e4 Qxa5 33. Qxa5 Rxa5 34. f3 Rxa2 35. exd5 Ra5 36. b4 Rxd5 37. Re8+ Kh7 38. Rb8 Bd3 39. f4 Bb5 40. Rh3 Kg6 41. Kb2 Be2 42. Rh2 Bf3 43. Rf2 Bg4 44. Kb3 Be6 45. Ka4 h4 46. b5 h3 47. Rd8 Rf5 48. b6 Bd5 49. Rxd6+ Kh5 50. Rb2 Bb7 51. Rd8 Bc6+ 0-1